00277nam a22001217a 4500020001800000082001400018100001700032245003800049260002900087300001000116650001600126650001300142 a9781780936802 aAA11 F899 aFromm, Erich aTo have or to be?cby Erich Fromm aLondonbBloomsburyc2013 a190p. aPersonality aOntology